| 000 | 00910nam a2200253 i 4500 | ||
|---|---|---|---|
| 001 | bg | ||
| 100 | 1 |
_aAntczak, Zbigniew _c(zarządzanie). |
|
| 245 | 1 | 0 |
_aKapitał intelektualny przedsiębiorstwa : _bwybrane zagadnienia praktyki i teorii zarządzania funkcją personalną w świetle badań / _cZbigniew Antczak. |
| 260 |
_aWarszawa ; _aKluczbork : _bDrukarnia Antykwa, _c2004. |
||
| 300 |
_a256 s. : _bil. ; _c21 cm. |
||
| 504 | _aBibliogr. s. 229-256. | ||
| 650 | 9 |
_aKapitał intelektualny przedsiębiorstwa _xzarządzanie |
|
| 655 | _aPodręczniki akademickie | ||
| 015 | _aPB 12893/2007 | ||
| 020 | _a838749397X | ||
| 040 | _cBPK | ||
| 041 | _apol | ||
| 044 | _aPOL | ||
| 080 | _a658.310.8:005.336.4:005.94](075.8) | ||
| 920 | _a83-87493-97-X | ||
| 942 | _cKS | ||
| 008 | 041013s2004 pl a |000 0 pol c | ||
| 999 |
_c55922 _d55922 |
||
| 856 |
_uhttp://koha.tu.koszalin.pl/cgi-bin/koha/opac-detail.pl?biblionumber=55922 _yKatalog online BPK |
||